[Event "Dublin Easter e2e4 op"]
[Site "Dublin"]
[Date "2012.04.09"]
[Round "9"]
[White "Rawell, Jon Egil"]
[Black "Freeman, Gordon"]
[Result "0-1"]
[WhiteElo "2035"]
[BlackElo "2157"]
[PlyCount "104"]
[EventDate "2012.04.05"]
[EventType "swiss"]
[EventRounds "9"]
[EventCountry "IRL"]
[SourceTitle "CBM 147 Extra"]
[Source "ChessBase"]
[SourceDate "2012.04.24"]
[SourceVersion "1"]
[SourceVersionDate "2012.04.24"]
[SourceQuality "1"]

1. e4 g6 2. d4 Bg7 3. Nc3 d6 4. f4 Nf6 5. Nf3 0-0 6. Be3 Nc6 7. e5 dxe5 8. dxe5 Ng4 9. Bg1 Qxd1+ 10. Rxd1 f6 11. Bc4+ Kh8 12. h3 Nh6 13. exf6 exf6 14. Bc5 Re8+ 15. Kf2 Na5 16. Be2 b6 17. Be3 Nf5 18. Bc1 Nd6 19. Bd3 Bb7 20. Rhe1 Kg8 21. Nb5 Nxb5 22. Bxb5 Rxe1 23. Rxe1 Bf8 24. Be3 Rd8 25. Bd3 c5 26. b3 Bd5 27. Rd1 Be7 28. Be2 Be4 29. Rxd8+ Bxd8 30. Ne1 Kf7 31. Bd2 Nb7 32. Bf3 Nd6 33. Ke3 Bxf3 34. Nxf3 b5 35. g4 Bb6 36. c3 Ke6 37. Be1 Kd5 38. g5 c4+ 39. Ke2 Ne4 40. h4 fxg5 41. Nxg5 Nxg5 42. fxg5 Ke4 43. Bd2 Bc7 44. Be1 Be5 45. bxc4 bxc4 46. Bf2 a6 47. Be1 Bf4 48. Bf2 Bh2 49. Be1 Be5 50. Kd2 Kf3 51. Kd1 Bg3 52. Bd2 Bxh4 0-1

[Event "Dublin Easter e2e4 op"]
[Site "Dublin"]
[Date "2012.04.06"]
[Round "3"]
[White "Salter, David A"]
[Black "Rawell, Jon Egil"]
[Result "0-1"]
[WhiteElo "1897"]
[BlackElo "2035"]
[PlyCount "76"]
[EventDate "2012.04.05"]
[EventType "swiss"]
[EventRounds "9"]
[EventCountry "IRL"]
[SourceTitle "CBM 147 Extra"]
[Source "ChessBase"]
[SourceDate "2012.04.24"]
[SourceVersion "1"]
[SourceVersionDate "2012.04.24"]
[SourceQuality "1"]

1. d4 Nf6 2. Nf3 b6 3. e3 Bb7 4. Bd3 g6 5. 0-0 Bg7 6. Nbd2 0-0 7. b3 d6 8. Bb2 Nbd7 9. e4 c5 10. e5 dxe5 11. dxe5 Nd5 12. Re1 Nf4 13. Bf1 Qc7 14. c4 Rad8 15. Qc2 Nb8 16. Rad1 Nc6 17. Qe4 Ne6 18. Qh4 Ncd4 19. Nxd4 Nxd4 20. Bxd4 Rxd4 21. Qg3 Rfd8 22. Qe3 e6 23. Be2 Bxe5 24. g3 Bg7 25. Nf3 Rxd1 26. Rxd1 Rxd1+ 27. Bxd1 Qc6 28. Be2 Bf6 29. h4 Kg7 30. Kf1 h6 31. Ke1 Qd6 32. Qd2 Qe7 33. Qe3 e5 34. Nd2 e4 35. Bf1 Bd4 36. Qe2 e3 37. fxe3 Bxe3 38. Kd1 Qe5 0-1